| 000 | 00358nam a2200157Ia 4500 | ||
|---|---|---|---|
| 003 | 0STCL | ||
| 008 | 150530s9999 xx 000 0 und d | ||
| 040 |
_aSTCL _cSTCL |
||
| 100 | _aPearson Education Asia | ||
| 245 | _aUpgrading and repairing Pcs | ||
| 250 | _aFourteenth | ||
| 260 | _c0 | ||
| 546 | _aEnglish | ||
| 942 |
_2ddc _cBK |
||
| 999 |
_c16748 _d16748 |
||
| 005 | 20220125165756.0 | ||